[Event "FICS rated blitz game"]
[Site "FICS freechess.org"]
[Date "2018.01.04"]
[Round "?"]
[White "Fullball"]
[Black "sasfro"]
[Result "1-0"]
[WhiteElo "1171"]
[BlackElo "1292"]
[PlyCount "75"]
[EventDate "2018.??.??"]
[EventType "blitz"]

1. e4 e5 2. Nf3 Nc6 3. c3 Nf6 4. d3 Bc5 5. b4 Bd6 6. b5 Ne7 7. Bg5 Ng6 8. d4 h6
9. Bxf6 Qxf6 10. dxe5 Bxe5 11. Nxe5 Qxe5 12. Bd3 Nf4 13. Qf3 Nxd3+ 14. Qxd3 d6
15. Qd4 Be6 16. Nd2 Qxb5 17. Qxg7 O-O-O 18. Qd4 Rdg8 19. c4 Qg5 20. g3 Qa5 21.
O-O Bh3 22. Rfd1 Re8 23. Re1 h5 24. Nb3 Qg5 25. Re3 h4 26. Qxa7 hxg3 27. Rxg3
Qe5 28. Qa8+ Kd7 29. Qa4+ c6 30. c5 Qxa1+ 31. Nxa1 Rh4 32. f3 d5 33. Qa7 Kc7
34. Qb6+ Kb8 35. Nb3 dxe4 36. Na5 Bc8 37. Nxc6+ Ka8 38. Qa7# {Black checkmated}
1-0

[Event "FICS rated blitz game"]
[Site "FICS freechess.org"]
[Date "2018.01.04"]
[Round "?"]
[White "ouazzani"]
[Black "natator"]
[Result "0-1"]
[WhiteElo "1619"]
[BlackElo "1691"]
[PlyCount "58"]
[EventDate "2018.??.??"]
[EventType "blitz"]

1. e4 e5 2. Nf3 Nc6 3. c3 Nf6 4. d3 Bc5 5. Be2 Qe7 6. O-O d6 7. Be3 Bxe3 8.
fxe3 Bg4 9. Qd2 O-O-O 10. Na3 Kb8 11. Rad1 d5 12. exd5 Nxd5 13. c4 Nf6 14. Qc1
h5 15. Nc2 h4 16. h3 Be6 17. b4 Rdg8 18. e4 g5 19. Nxg5 Nh5 20. Nxe6 Qxe6 21.
Kh2 Nf4 22. Bf3 Rg3 23. d4 Rxh3+ 24. Kg1 Rxf3 25. Rxf3 Qg4 26. Ne3 Qg6 27. dxe5
Ne2+ 28. Kf2 Nxc1 29. Rxc1 Nxe5 {White resigns} 0-1

[Event "FICS rated blitz game"]
[Site "FICS freechess.org"]
[Date "2018.01.04"]
[Round "?"]
[White "proximab"]
[Black "mirzaxx"]
[Result "1-0"]
[WhiteElo "1885"]
[BlackElo "1463"]
[PlyCount "107"]
[EventDate "2018.??.??"]
[EventType "blitz"]

1. e4 e5 2. Nf3 Nc6 3. c3 d5 4. Qa4 dxe4 5. Nxe5 Bd7 6. Nxd7 Qxd7 7. Qxe4+ Be7
8. Bb5 Nf6 9. Qc4 O-O 10. Bxc6 bxc6 11. O-O Bd6 12. a3 Ng4 13. h3 Ne5 14. Qe4
Rfe8 15. d4 Ng6 16. Qf3 Re6 17. g3 Rf6 18. Qg2 Re8 19. h4 Qg4 20. Qxc6 Rfe6 21.
Qg2 Re2 22. Nd2 Re1 23. b4 Rxf1+ 24. Nxf1 Re1 25. Bb2 Rxa1 26. Bxa1 Qd1 27. Bb2
Qc2 28. f4 Qd1 29. c4 h6 30. f5 Nf8 31. f6 gxf6 32. c5 Be7 33. Qe4 Ng6 34. Qa8+
Kg7 35. Qe4 Bf8 36. Bc3 Qc1 37. Bd2 Qxa3 38. h5 Ne7 39. Qa8 Nf5 40. Qe4 Ne7 41.
Ne3 Qa1+ 42. Kg2 Qb2 43. Nc4 Qa2 44. Qd3 Nd5 45. Kg1 Be7 46. b5 Qa1+ 47. Kh2
Qa2 48. Ne3 Nxe3 49. Qxe3 Qc2 50. Qxh6+ Kg8 51. Qe3 Bf8 52. Qf4 f5 53. Qg5+ Kh7
54. h6 1-0

[Event "FICS rated blitz game"]
[Site "FICS freechess.org"]
[Date "2018.01.04"]
[Round "?"]
[White "jezebelben"]
[Black "yaZZfuNK"]
[Result "0-1"]
[WhiteElo "1366"]
[BlackElo "1138"]
[PlyCount "28"]
[EventDate "2018.??.??"]
[EventType "blitz"]

1. e4 e5 2. Nf3 Nc6 3. c3 d5 4. Bb5 dxe4 5. Nxe5 Qd5 6. Bxc6+ bxc6 7. d4 exd3
8. Nxd3 Qxg2 9. Rf1 Bg4 10. f3 Bh5 11. Nd2 O-O-O 12. Qa4 Re8+ 13. Kd1 Bxf3+ 14.
Nxf3 Qe2# {White checkmated} 0-1

[Event "FICS unrated blitz game"]
[Site "FICS freechess.org"]
[Date "2018.01.04"]
[Round "?"]
[White "mougly"]
[Black "Ventura"]
[Result "0-1"]
[WhiteElo "1387"]
[BlackElo "2021"]
[PlyCount "36"]
[EventDate "2018.??.??"]
[EventType "blitz"]

1. e4 e5 2. Nf3 Nc6 3. c3 d5 4. exd5 Qxd5 5. c4 Qd8 6. Nc3 Nf6 7. d3 Bc5 8. Be2
h6 9. O-O Bf5 10. Be3 Bd4 11. Bxd4 exd4 12. Nb5 a6 13. Na3 O-O 14. Nc2 Ng4 15.
Nfxd4 Nxd4 16. Bxg4 Bxg4 17. Qxg4 Nxc2 18. Rac1 Nd4 {White resigns} 0-1

[Event "FICS rated blitz game"]
[Site "FICS freechess.org"]
[Date "2018.01.04"]
[Round "?"]
[White "awitaliy"]
[Black "EmilRu"]
[Result "1-0"]
[WhiteElo "1424"]
[BlackElo "1299"]
[PlyCount "75"]
[EventDate "2018.??.??"]
[EventType "blitz"]

1. e4 e5 2. Nf3 Nc6 3. c3 d5 4. exd5 Qxd5 5. c4 Qe4+ 6. Be2 Bg4 7. O-O O-O-O 8.
Nc3 Qf5 9. h3 Bxh3 10. gxh3 Qxh3 11. Nh2 Rd6 12. Bg4+ Qxg4+ 13. Nxg4 Rg6 14. f3
Bc5+ 15. d4 exd4 16. Ne4 Bb6 17. c5 Ba5 18. a3 Nh6 19. b4 Nxb4 20. axb4 Bxb4
21. Rxa7 Kd7 22. Kf2 Nxg4+ 23. fxg4 h5 24. Rxb7 Kc6 25. Ra7 hxg4 26. Qa4+ Kd5
27. Rxc7 Rh2+ 28. Kg3 Rh3+ 29. Kf4 f5 30. Qxb4 Rf6 31. Ng5 Rh5 32. Qb7+ Kc4 33.
Ba3 Rh4 34. Rc1+ Kd3 35. Qb3+ Ke2 36. Re7+ Kf2 37. Rc2+ Kg1 38. Qb1# {Black
checkmated} 1-0

[Event "FICS rated blitz game"]
[Site "FICS freechess.org"]
[Date "2018.01.04"]
[Round "?"]
[White "denk"]
[Black "walchseb"]
[Result "0-1"]
[WhiteElo "1430"]
[BlackElo "1380"]
[PlyCount "42"]
[EventDate "2018.??.??"]
[EventType "blitz"]

1. e4 e5 2. Nf3 Nc6 3. c3 Be7 4. Bc4 Nf6 5. Ng5 O-O 6. Qb3 d5 7. exd5 Na5 8.
Qa4 Nxc4 9. Qxc4 Nxd5 10. Ne4 Be6 11. Qe2 f5 12. c4 Nf4 13. Qf1 Nd3+ 14. Kd1
fxe4 15. Nc3 Bg4+ 16. Kc2 Nxf2 17. Rg1 Bd1+ 18. Qxd1 Nxd1 19. Rxd1 Qd3+ 20. Kb3
a5 21. Re1 a4# {White checkmated} 0-1

[Event "FICS rated standard game"]
[Site "FICS freechess.org"]
[Date "2018.01.04"]
[Round "?"]
[White "louarn"]
[Black "fermerveresoch"]
[Result "0-1"]
[WhiteElo "1536"]
[BlackElo "1632"]
[PlyCount "78"]
[EventDate "2018.??.??"]

1. e4 e5 2. Nf3 Nc6 3. c3 Nf6 4. d4 Nxe4 5. d5 Ne7 6. Qe2 Nf6 7. Nxe5 Nfxd5 8.
c4 Nf6 9. Nf3 d5 10. cxd5 Qxd5 11. Nc3 Qe6 12. Be3 Bd7 13. O-O-O Ned5 14. Nxd5
Nxd5 15. Rxd5 Qxd5 16. Bd4+ Be6 17. Qb5+ Qxb5 18. Bxb5+ c6 19. Ba4 Bxa2 20. b3
b5 21. Kb2 bxa4 22. Kxa2 axb3+ 23. Kxb3 f6 24. Re1+ Kf7 25. g4 a5 26. Nh4 Bb4
27. Re4 Rhe8 28. Rf4 c5 29. Bb2 a4+ 30. Kc4 a3 31. Ba1 Ra4 32. Nf5 Bd2+ 33. Kb5
Rb4+ 34. Kxc5 Rxf4 35. Nd6+ Ke7 36. Nxe8 Kxe8 37. Kd6 Rxg4 38. f3 Rf4 39. Bxf6
gxf6 {White resigns} 0-1

[Event "FICS rated blitz game"]
[Site "FICS freechess.org"]
[Date "2018.01.04"]
[Round "?"]
[White "sasfro"]
[Black "SGESchnee"]
[Result "1-0"]
[WhiteElo "1299"]
[BlackElo "1157"]
[PlyCount "53"]
[EventDate "2018.??.??"]
[EventType "blitz"]

1. e4 e5 2. Nf3 Nc6 3. c3 Bc5 4. d4 exd4 5. cxd4 Bb4+ 6. Bd2 Nf6 7. Bxb4 Nxb4
8. Nc3 d6 9. Bc4 O-O 10. a3 Na6 11. O-O c6 12. Qc2 b5 13. Ba2 Be6 14. d5 cxd5
15. exd5 Bg4 16. Nd4 Qb6 17. Nc6 Rfe8 18. Rae1 Qc5 19. b4 Qb6 20. Kh1 Bd7 21.
Ne7+ Kh8 22. Qd3 Nc7 23. f3 Qb7 24. Bb1 a5 25. Ne4 Nxe4 26. Rxe4 g6 27. Qd4+
1-0

[Event "FICS rated blitz game"]
[Site "FICS freechess.org"]
[Date "2018.01.04"]
[Round "?"]
[White "sasfro"]
[Black "richhughes"]
[Result "1-0"]
[WhiteElo "1296"]
[BlackElo "1162"]
[PlyCount "75"]
[EventDate "2018.??.??"]
[EventType "blitz"]

1. e4 e5 2. Nf3 Nc6 3. c3 Nf6 4. d4 exd4 5. e5 Ng8 6. cxd4 d5 7. Bb5 Be6 8. O-O
Be7 9. Nc3 Qd7 10. a4 a6 11. Bd3 h6 12. a5 Nb4 13. Be2 Bf5 14. Ne1 Bg5 15. f4
Bh4 16. g3 Be7 17. Nd3 Bxd3 18. Bxd3 Nxd3 19. Qxd3 O-O-O 20. Bd2 Kb8 21. Na4 h5
22. b4 Qb5 23. Qxb5 axb5 24. Nc5 Ka7 25. h4 c6 26. Rfe1 Bxc5 27. bxc5 Ne7 28.
e6 f6 29. a6 Nf5 30. axb7+ Kxb7 31. Kg2 Nxd4 32. e7 Rde8 33. Ba5 Nc2 34. Bd8
Nxe1+ 35. Rxe1 Rxd8 36. exd8=Q Rxd8 37. Re7+ Rd7 38. Rxd7+ {Black resigns} 1-0

[Event "FICS rated blitz game"]
[Site "FICS freechess.org"]
[Date "2018.01.04"]
[Round "?"]
[White "Tensecterror"]
[Black "Phigrin"]
[Result "1-0"]
[WhiteElo "1260"]
[BlackElo "1443"]
[PlyCount "97"]
[EventDate "2018.??.??"]
[EventType "blitz"]

1. e4 e5 2. Nf3 Nc6 3. c3 Nf6 4. d4 exd4 5. e5 Ng4 6. cxd4 Bb4+ 7. Bd2 Qe7 8.
h3 Nxf2 9. Kxf2 O-O 10. Bxb4 Qxb4 11. Nc3 Qxb2+ 12. Ne2 f6 13. Kg1 fxe5 14.
Nxe5 Nxe5 15. dxe5 a5 16. Kh2 Ra6 17. Ng3 Rf2 18. Rc1 Rg6 19. Rxc7 Qxe5 20.
Rxc8+ Kf7 21. Qxd7+ Kf6 22. Rf8+ Kg5 23. Rxf2 h5 24. Qd8+ Kh6 25. Rf5 Qxg3+ 26.
Kg1 Qe3+ 27. Rf2 Rf6 28. Qd2 Rxf2 29. Qxf2 Qa3 30. Qd2+ Kh7 31. Bd3+ g6 32. Qc2
Qe7 33. Bxg6+ Kg7 34. Bxh5 Qe1+ 35. Kh2 Qe5+ 36. g3 Qxh5 37. Qc7+ Kf8 38. Qxb7
Qe2+ 39. Kg1 Qe1+ 40. Kg2 Qe2+ 41. Kg1 Qe1+ 42. Kh2 Qe2+ 43. Qg2 Qe5 44. Rf1+
Kg8 45. Qa8+ Kg7 46. Qf8+ Kh7 47. Rf7+ Kg6 48. Qg8+ Kh6 49. Rh7# {Black
checkmated} 1-0

[Event "FICS rated blitz game"]
[Site "FICS freechess.org"]
[Date "2018.01.04"]
[Round "?"]
[White "intihuantana"]
[Black "pulsefrequency"]
[Result "1-0"]
[WhiteElo "1904"]
[BlackElo "1939"]
[PlyCount "79"]
[EventDate "2018.??.??"]
[EventType "blitz"]

1. e4 e5 2. Nf3 Nc6 3. c3 f5 4. exf5 d5 5. Bb5 e4 6. Nd4 Bc5 7. Qh5+ Kf8 8.
Ne6+ Bxe6 9. fxe6 Qf6 10. O-O Qxe6 11. d4 Bd6 12. c4 Nf6 13. cxd5 Qe7 14. Qd1
Nxd5 15. Nc3 Nf6 16. Bg5 h5 17. Nd5 Bxh2+ 18. Kh1 Qd6 19. Bxc6 bxc6 20. Ne3 Ng4
21. Bh4 Bg1 22. Bg3 Qe7 23. Kxg1 Kg8 24. Nxg4 hxg4 25. Qxg4 Rf8 26. Be5 Rh4 27.
Qg3 c5 28. Rae1 cxd4 29. Bxd4 Rf5 30. Qxg7+ Qxg7 31. Bxg7 Kxg7 32. g3 Rh7 33.
Kg2 Rfh5 34. Rh1 Rxh1 35. Rxh1 Rxh1 36. Kxh1 Kf6 37. Kg2 Ke5 38. Kh2 c5 39. Kg2
c4 40. b3 1-0

[Event "FICS rated blitz game"]
[Site "FICS freechess.org"]
[Date "2018.01.04"]
[Round "?"]
[White "ssmishra"]
[Black "kralli"]
[Result "0-1"]
[WhiteElo "1192"]
[BlackElo "1234"]
[PlyCount "42"]
[EventDate "2018.??.??"]
[EventType "blitz"]

1. e4 e5 2. Nf3 Nc6 3. c3 Nf6 4. Bc4 Nxe4 5. O-O Be7 6. d4 Nd6 7. Bb3 e4 8. Ne5
Nxe5 9. dxe5 O-O 10. exd6 Bxd6 11. Nd2 Qh4 12. g3 Qh3 13. Nxe4 b6 14. Nxd6 cxd6
15. Bd5 Rb8 16. Bg2 Qf5 17. Re1 Ba6 18. Bf4 Rbe8 19. Rxe8 Rxe8 20. Qxd6 Qc2 21.
Rb1 Qxb1+ {White resigns} 0-1

[Event "FICS rated blitz game"]
[Site "FICS freechess.org"]
[Date "2018.01.04"]
[Round "?"]
[White "Sincerias"]
[Black "vepara"]
[Result "1-0"]
[WhiteElo "1242"]
[BlackElo "1031"]
[PlyCount "75"]
[EventDate "2018.??.??"]
[EventType "blitz"]

1. e4 e5 2. Nf3 Nc6 3. c3 Nf6 4. d3 h6 5. Be2 d5 6. exd5 Qxd5 7. c4 Qd8 8. Nc3
Bc5 9. Na4 Bxf2+ 10. Kxf2 Ng4+ 11. Kg1 O-O 12. h3 Nf6 13. Nc5 b6 14. Nb3 Bb7
15. d4 exd4 16. Nfxd4 Nxd4 17. Nxd4 c5 18. Nb5 Qxd1+ 19. Bxd1 Rad8 20. Be3 Rd3
21. Bf2 Ne4 22. Be1 Re3 23. Bc2 Ng3 24. Bxg3 Rxg3 25. Rh2 Rd8 26. Kf2 Rg5 27.
Re1 Rd2+ 28. Re2 Rxe2+ 29. Kxe2 Re5+ 30. Kd2 a5 31. g4 Be4 32. Re2 f6 33. Rxe4
Rxe4 34. Bxe4 Kf7 35. Bd5+ Ke7 36. Nc7 Kd6 37. Ne8+ Ke5 38. Nxg7 {Black resigns
} 1-0

[Event "FICS rated blitz game"]
[Site "FICS freechess.org"]
[Date "2018.01.04"]
[Round "?"]
[White "Toni"]
[Black "avdl"]
[Result "0-1"]
[WhiteElo "1573"]
[BlackElo "1536"]
[PlyCount "64"]
[EventDate "2018.??.??"]
[EventType "blitz"]

1. e4 e5 2. Nf3 Nc6 3. c3 h6 4. d4 exd4 5. cxd4 Nf6 6. e5 Nd5 7. Nc3 Nxc3 8.
bxc3 Be7 9. Bd3 d6 10. O-O O-O 11. Re1 Bg4 12. h3 Bh5 13. Qc2 dxe5 14. Nxe5
Nxe5 15. Rxe5 Bg6 16. Bxg6 fxg6 17. Qxg6 Bf6 18. Rh5 Bg5 19. Bxg5 hxg5 20. Qh7+
Kf7 21. Qf5+ Qf6 22. Rxg5 Kg8 23. Qd5+ Rf7 24. Re1 Qxf2+ 25. Kh2 Qxe1 26. Qxb7
Raf8 27. Qd5 Qe7 28. h4 Qd7 29. Qc4 Qd6+ 30. Kh1 c6 31. Rf5 Qe7 32. h5 Qe1+ 0-1

[Event "FICS rated standard game"]
[Site "FICS freechess.org"]
[Date "2018.01.04"]
[Round "?"]
[White "mesli"]
[Black "Matemax"]
[Result "0-1"]
[WhiteElo "1745"]
[BlackElo "1993"]
[PlyCount "55"]
[EventDate "2018.??.??"]

1. e4 e5 2. Nf3 Nc6 3. c3 Nf6 4. Qc2 Bc5 5. a4 a5 6. Bb5 O-O 7. O-O Re8 8. h3
h6 9. b3 Na7 10. Bc4 Nc6 11. Ba3 Bxa3 12. Nxa3 d6 13. Rad1 Be6 14. Bb5 Bd7 15.
Bxc6 Bxc6 16. d3 Nh5 17. Rfe1 Nf4 18. d4 Qf6 19. d5 Bd7 20. Re3 Qg6 21. Nh4 Qg5
22. g3 Nxh3+ 23. Kh2 Qh5 24. Rf1 g5 25. Qe2 Qxe2 26. Rxe2 gxh4 27. gxh4 Nf4 28.
Re3 {White resigns} 0-1

[Event "FICS rated blitz game"]
[Site "FICS freechess.org"]
[Date "2018.01.04"]
[Round "?"]
[White "jezebelben"]
[Black "LouHoltz"]
[Result "0-1"]
[WhiteElo "1345"]
[BlackElo "1749"]
[PlyCount "56"]
[EventDate "2018.??.??"]
[EventType "blitz"]

1. e4 e5 2. Nf3 Nc6 3. c3 Nf6 4. d4 Nxe4 5. d5 Nb8 6. Be2 f6 7. O-O Be7 8. h3
O-O 9. Nh2 c6 10. d6 Nxd6 11. c4 Nf5 12. Bd3 Nd4 13. Ng4 d5 14. cxd5 cxd5 15.
Nc3 Be6 16. Qd2 Nbc6 17. Nh6+ Kh8 18. Ng4 e4 19. Bb5 f5 20. Ne3 Bf6 21. Qd1
Nxb5 22. Nxb5 d4 23. Nc2 a6 24. Nba3 Rc8 25. Nb1 Qd6 26. f4 Rfd8 27. Qh5 g6 28.
Qh6 Ne7 {White resigns} 0-1

[Event "FICS rated blitz game"]
[Site "FICS freechess.org"]
[Date "2018.01.04"]
[Round "?"]
[White "Vadaloopy"]
[Black "SomanNair"]
[Result "1-0"]
[WhiteElo "1674"]
[BlackElo "1531"]
[PlyCount "61"]
[EventDate "2018.??.??"]
[EventType "blitz"]

1. e4 e5 2. Nf3 Nc6 3. c3 Be7 4. d4 exd4 5. cxd4 d5 6. exd5 Qxd5 7. Nc3 Bb4 8.
Be2 Bg4 9. O-O Bxf3 10. Nxd5 Bxe2 11. Qxe2+ Nge7 12. Nxc7+ Kd8 13. Nxa8 Re8 14.
Bg5 f6 15. Be3 Kd7 16. d5 Nxd5 17. Qg4+ Ke7 18. Qxg7+ Ke6 19. Nc7+ Nxc7 20.
Qxc7 Ne5 21. Qxb7 Bd6 22. Qxa7 Rg8 23. f4 Ng6 24. Rfe1 Kf5 25. g3 Bxf4 26. Qd7+
Kg5 27. Bxf4+ Kh5 28. Qxh7+ Kg4 29. Qxg8 f5 30. Qxg6+ Kf3 31. Re3# {Black
checkmated} 1-0

[Event "FICS rated blitz game"]
[Site "FICS freechess.org"]
[Date "2018.01.04"]
[Round "?"]
[White "Pimoos"]
[Black "Coorder"]
[Result "0-1"]
[WhiteElo "1561"]
[BlackElo "1757"]
[PlyCount "56"]
[EventDate "2018.??.??"]
[EventType "blitz"]

1. e4 e5 2. Nf3 Nc6 3. c3 Nf6 4. d4 d5 5. dxe5 Nxe4 6. Be3 Bg4 7. Bb5 a6 8.
Bxc6+ bxc6 9. Qa4 Qd7 10. Nd4 c5 11. Qxd7+ Kxd7 12. Nb3 c4 13. Nd4 Nc5 14. O-O
Rb8 15. f3 Bh5 16. b4 cxb3 17. axb3 Nxb3 18. Rxa6 Bc5 19. Kh1 Bg6 20. Nd2 Nxd2
21. Bxd2 Bd3 22. Rfa1 Bxa6 23. Rxa6 Bxd4 24. g3 Bxe5 25. f4 Bd6 26. Ra2 Rhe8
27. Kg2 Re2+ 28. Kf3 Rbe8 {White resigns} 0-1

[Event "FICS rated blitz game"]
[Site "FICS freechess.org"]
[Date "2018.01.04"]
[Round "?"]
[White "JFive"]
[Black "endresjohn"]
[Result "0-1"]
[WhiteElo "1369"]
[BlackElo "1192"]
[PlyCount "62"]
[EventDate "2018.??.??"]
[EventType "blitz"]

1. e4 e5 2. Nf3 Nc6 3. c3 Nf6 4. d4 d6 5. Bd3 h6 6. O-O Be7 7. Nbd2 O-O 8. Re1
Bg4 9. Qc2 exd4 10. cxd4 Nb4 11. Qb3 Nxd3 12. Qxd3 Rb8 13. b3 b6 14. Bb2 d5 15.
Ne5 Be6 16. Nc6 dxe4 17. Nxe4 Qd7 18. Nxf6+ Bxf6 19. Nxb8 Rxb8 20. Rac1 Bd5 21.
Qc3 Qg4 22. f3 Qg6 23. Qxc7 Ra8 24. Qg3 Qd3 25. Rcd1 Qc2 26. Qf2 Qc6 27. Rc1
Qd6 28. Rc2 Qf4 29. Rce2 Be6 30. d5 Bxb2 31. dxe6 Bd4 0-1

[Event "FICS rated blitz game"]
[Site "FICS freechess.org"]
[Date "2018.01.04"]
[Round "?"]
[White "sampaths"]
[Black "forqueray"]
[Result "1-0"]
[WhiteElo "1594"]
[BlackElo "1316"]
[PlyCount "77"]
[EventDate "2018.??.??"]
[EventType "blitz"]

1. e4 e5 2. Nf3 Nc6 3. c3 a6 4. d4 exd4 5. cxd4 d6 6. d5 Nce7 7. Nc3 Ng6 8. Bd3
Nf6 9. h3 Be7 10. O-O Bd7 11. Re1 O-O 12. Bg5 h6 13. Bxf6 Bxf6 14. Rc1 Rc8 15.
Rc2 Ne5 16. Nxe5 Bxe5 17. Qf3 Qg5 18. Ne2 f5 19. exf5 Bxf5 20. Bxf5 Rxf5 21.
Qg4 Qf6 22. Ng3 Rf4 23. Qxc8+ Kh7 24. Qxc7 Qg6 25. Rce2 Bd4 26. Qc2 Qxc2 27.
Rxc2 Bc5 28. Rf1 Rf5 29. Ne4 Rxd5 30. Nxc5 dxc5 31. Rfc1 b6 32. a3 Rd4 33. Rc4
Rd5 34. R1c2 Rd1+ 35. Kh2 Rd5 36. g4 Rd3 37. Kg2 Rd5 38. R4c3 Rd6 39. Rc4 1-0

[Event "FICS rated standard game"]
[Site "FICS freechess.org"]
[Date "2018.01.04"]
[Round "?"]
[White "knanah"]
[Black "hijibiji"]
[Result "1-0"]
[WhiteElo "1624"]
[BlackElo "1565"]
[PlyCount "27"]
[EventDate "2018.??.??"]

1. e4 e5 2. c3 Nc6 3. Nf3 Bc5 4. Bc4 Qf6 5. O-O d6 6. Qb3 Na5 7. Qa4+ Nc6 8.
Bd5 Bd7 9. Qb3 Na5 10. Qd1 c6 11. d4 Bb6 12. Bb3 Bg4 13. Bc2 Bd8 14. Bd3 1-0

[Event "FICS unrated blitz game"]
[Site "FICS freechess.org"]
[Date "2018.01.04"]
[Round "?"]
[White "proximab"]
[Black "AlfaLeporis"]
[Result "0-1"]
[WhiteElo "1880"]
[BlackElo "978"]
[PlyCount "23"]
[EventDate "2018.??.??"]
[EventType "blitz"]

1. e4 e5 2. Nf3 Nc6 3. c3 Nf6 4. d4 exd4 5. e5 Ng4 6. Nxd4 Ngxe5 7. Nxc6 Nxc6
8. Bc4 d5 9. Bxd5 Bc5 10. Bxc6+ bxc6 11. Qxd8+ Kxd8 12. O-O 0-1

[Event "FICS rated standard game"]
[Site "FICS freechess.org"]
[Date "2018.01.04"]
[Round "?"]
[White "koadjao"]
[Black "Austinte"]
[Result "0-1"]
[WhiteElo "1702"]
[BlackElo "1960"]
[PlyCount "38"]
[EventDate "2018.??.??"]

1. e4 e5 2. Nf3 Nc6 3. c3 Nf6 4. d4 Nxe4 5. Bd3 d5 6. dxe5 Bg4 7. h3 Bh5 8.
Bxe4 dxe4 9. Qxd8+ Rxd8 10. g4 Bxg4 11. hxg4 exf3 12. Rh3 Nxe5 13. Bf4 Bd6 14.
Bxe5 Bxe5 15. Rxf3 O-O 16. Nd2 Rfe8 17. O-O-O Bf6 18. Rg3 Bg5 19. Kc2 Re2 0-1

[Event "FICS rated blitz game"]
[Site "FICS freechess.org"]
[Date "2018.01.04"]
[Round "?"]
[White "jezebelben"]
[Black "Viroo"]
[Result "1-0"]
[WhiteElo "1362"]
[BlackElo "1196"]
[PlyCount "41"]
[EventDate "2018.??.??"]
[EventType "blitz"]

1. e4 e5 2. Nf3 Nc6 3. c3 a6 4. d4 exd4 5. cxd4 Bb4+ 6. Bd2 Nge7 7. d5 Bxd2+ 8.
Nbxd2 Na7 9. Be2 d6 10. O-O O-O 11. h3 f5 12. Nh2 Qe8 13. Bh5 g6 14. Be2 fxe4
15. Nxe4 Nf5 16. Ng5 Qe7 17. Ne6 Bxe6 18. dxe6 Qxe6 19. Qc2 c6 20. Nf3 d5 21.
Rae1 1-0

[Event "FICS rated blitz game"]
[Site "FICS freechess.org"]
[Date "2018.01.04"]
[Round "?"]
[White "jezebelben"]
[Black "khuizen"]
[Result "1-0"]
[WhiteElo "1378"]
[BlackElo "1369"]
[PlyCount "29"]
[EventDate "2018.??.??"]
[EventType "blitz"]

1. e4 e5 2. Nf3 Nc6 3. c3 Bc5 4. d4 exd4 5. cxd4 Bb6 6. d5 Nce7 7. Be2 d6 8.
O-O Ng6 9. h3 Nf6 10. Kh1 Nxe4 11. Qa4+ Bd7 12. Qxe4+ Qe7 13. Qc2 O-O 14. Bd3
Qf6 15. Bg5 {Black resigns} 1-0

[Event "FICS rated blitz game"]
[Site "FICS freechess.org"]
[Date "2018.01.04"]
[Round "?"]
[White "kiknit"]
[Black "Abulhawl"]
[Result "1-0"]
[WhiteElo "1498"]
[BlackElo "1469"]
[PlyCount "55"]
[EventDate "2018.??.??"]
[EventType "blitz"]

1. e4 e5 2. Nf3 Nc6 3. c3 Nf6 4. Bc4 Bc5 5. d4 exd4 6. cxd4 Bb4+ 7. Nc3 d6 8.
O-O O-O 9. Ng5 h6 10. Nf3 Kh7 11. Bd2 Bg4 12. Bd3 Nxd4 13. e5+ Bf5 14. Bxf5+
Nxf5 15. Qc2 g6 16. Ne4 Nxe4 17. Qxe4 Bxd2 18. Nxd2 dxe5 19. Nf3 Re8 20. Rad1
Qf6 21. Rd7 Nd6 22. Qc2 e4 23. Nd2 Nb5 24. Nxe4 Qf5 25. f3 Qxd7 26. Nf6+ Kg7
27. Nxd7 Nd4 28. Qc3 {Black resigns} 1-0

[Event "FICS rated blitz game"]
[Site "FICS freechess.org"]
[Date "2018.01.04"]
[Round "?"]
[White "arju"]
[Black "kaspalesweb"]
[Result "0-1"]
[WhiteElo "1652"]
[BlackElo "1676"]
[PlyCount "56"]
[EventDate "2018.??.??"]
[EventType "blitz"]

1. e4 e5 2. Nf3 Nc6 3. c3 Nf6 4. d3 Be7 5. h3 d6 6. Be3 h6 7. Nbd2 Be6 8. d4
exd4 9. cxd4 Bd7 10. a3 O-O 11. Bd3 Qc8 12. O-O a6 13. Rc1 Re8 14. d5 Ne5 15.
Nxe5 dxe5 16. Nf3 Bd6 17. b4 Bxh3 18. Nh2 Bg4 19. f3 Bd7 20. Bc5 Qd8 21. Bxd6
cxd6 22. Kf2 Rc8 23. Qd2 Qb6+ 24. Qe3 Qxe3+ 25. Kxe3 Nh5 26. g4 Nf4 27. Bb1 Bb5
28. Rf2 Rxc1 {White resigns} 0-1

[Event "FICS rated standard game"]
[Site "FICS freechess.org"]
[Date "2018.01.04"]
[Round "?"]
[White "mesli"]
[Black "fjgold"]
[Result "1-0"]
[WhiteElo "1742"]
[BlackElo "1893"]
[PlyCount "39"]
[EventDate "2018.??.??"]

1. e4 e5 2. Nf3 Nc6 3. c3 Bc5 4. d4 exd4 5. cxd4 Bb4+ 6. Nc3 d5 7. e5 Nge7 8.
Bd3 O-O 9. O-O f5 10. exf6 Rxf6 11. Ne5 Nxe5 12. dxe5 Re6 13. f4 c6 14. Kh1 Rh6
15. f5 Rh4 16. f6 Ng6 17. Bxg6 hxg6 18. Bg5 Rg4 19. f7+ Kf8 20. Bxd8 {Black
resigns} 1-0

[Event "FICS unrated blitz game"]
[Site "FICS freechess.org"]
[Date "2018.01.04"]
[Round "?"]
[White "ukw"]
[Black "Pushkin"]
[Result "0-1"]
[WhiteElo "1589"]
[BlackElo "1369"]
[PlyCount "80"]
[EventDate "2018.??.??"]
[EventType "blitz"]

1. e4 e5 2. Nf3 Nc6 3. c3 Be7 4. d4 exd4 5. cxd4 Bb4+ 6. Nc3 Nf6 7. Bd3 O-O 8.
Bg5 h6 9. Bh4 d5 10. e5 Bxc3+ 11. bxc3 g5 12. Nxg5 hxg5 13. Bxg5 Bg4 14. Qd2
Re8 15. Bxf6 Qxf6 16. O-O Qg7 17. f3 Bh3 18. Kh1 Be6 19. f4 f5 20. Rf3 Kf8 21.
Rg3 Qh6 22. Rh3 Qg6 23. Rf1 Ke7 24. Bb5 Rh8 25. Rg3 Qh6 26. h3 Rag8 27. Rxg8
Rxg8 28. Qc1 Rg3 29. Qa3+ Kf7 30. Qc1 Ne7 31. c4 c6 32. cxd5 Bxd5 33. Bc4 Rxh3+
34. Kg1 Rh1+ 35. Kf2 Qh4+ 36. Ke3 Qg3+ 37. Rf3 Qxf3+ 38. gxf3 Rxc1 39. Bd3 Rc3
40. Kd2 Ra3 {White resigns} 0-1

[Event "Roquetas de Mar op 29th"]
[Site "Roquetas de Mar"]
[Date "2018.01.03"]
[Round "3"]
[White "Liu, Guanchu"]
[Black "Silva Lucena, Cristian"]
[Result "1/2-1/2"]
[WhiteElo "2457"]
[BlackElo "2301"]
[PlyCount "49"]
[EventDate "2018.01.02"]
[EventType "swiss"]
[EventRounds "9"]
[EventCountry "ESP"]
[SourceTitle "OM OTB B 201907"]
[Source "Opening Master"]
[SourceDate "2019.07.06"]
[SourceVersion "2"]
[SourceVersionDate "2019.07.06"]
[SourceQuality "1"]

1. e4 e5 2. Nf3 Nc6 3. c3 d5 4. Qa4 Nf6 5. Nxe5 Bd6 6. Nxc6 bxc6 7. d3 O-O 8.
Be2 Bg4 9. f3 Bd7 10. Bg5 h6 11. Bh4 Qb8 12. Qb3 Nh5 13. Nd2 Qe8 14. Bf2 Be6
15. Qc2 f5 16. g3 Nf6 17. O-O Qh5 18. Rfe1 fxe4 19. dxe4 dxe4 20. Nxe4 Nxe4 21.
Qxe4 Bd5 22. f4 Qxh2+ 23. Kxh2 Bxe4 24. Bg4 Bd5 25. Be6+ 1/2-1/2

[Event "Tourn. n9607"]
[Site "www.chess-mail.com"]
[Date "2018.01.03"]
[Round "1"]
[White "Passaroa25"]
[Black "Julian"]
[Result "0-1"]
[WhiteElo "1730"]
[BlackElo "1630"]
[PlyCount "54"]
[EventDate "2018.??.??"]

1. e4 e5 2. Nf3 Nc6 3. c3 Nf6 4. d3 d5 5. Be2 dxe4 6. dxe4 Qxd1+ 7. Bxd1 Bg4 8.
Nbd2 Bc5 9. b4 Be7 10. Bb2 O-O-O 11. O-O Rhe8 12. Ng5 Bxd1 13. Nxf7 Rxd2 14.
Rb1 Bc2 15. Rbc1 Bxe4 16. f3 Bd5 17. Nxe5 Nxe5 18. c4 Nxc4 19. Bxf6 Bxf6 20. a4
Bd4+ 21. Kh1 Ree2 22. Rce1 Ne3 23. Rxe2 Rxe2 24. Rg1 Be5 25. h3 Bxf3 26. Rd1
Bxg2+ 27. Kg1 Bxh3 {resign} 0-1